Statistics for North American Geography by Letter - Y & Z

Click here to take the quiz!

General Stats

  • This quiz has been taken 216 times
  • The average score is 7 of 18

Answer Stats

HintAnswer% Correct
Ivy League university located in New Haven, CTYale
97%
Canadian territory that borders AlaskaYukon
89%
Wyoming national park centered over a supervolcanoYellowstone
87%
California national park created by Abraham LincolnYosemite
82%
Peninsula of Mexico where the Riviera Maya is foundYucatan
81%
Only city in the Northwest TerritoriesYellowknife
56%
Utah national park famous for its canyon and the "Towers of the Virgin"Zion
51%
Westchester county suburb of New York CityYonkers
45%
One of the eight original shires of Virginia, Gen. Cornwallis surrendered hereYorktown
31%
Historic district of Tampa, known for its cigar manufacturingYbor City
12%
Native tribe of New Mexico, and the river on which most of them liveZuni
11%
North-central Mexican state and city, famous for silver miningZacatecas
9%
Former name of the Río Coco of Honduras and Nicaragua; or a Game of Thrones characterYara River
5%
Main square of central Mexico CityZocalo
5%
Largest lake in HondurasYojoa
3%
Suburb of Guadalajara, it is the location of a miraculous 16th century image of the Virgin MaryZapopan
3%
Costa Grande city recently connected to Mexico City by the Maxipista Siglo XXI highwayZihuatanejo
2%
"Copper river" that originates in Canada's Coast Mountains and flows into the Skeena RiverZymoetz
1%

Score Distribution

Percentile by Number Answered

Percent of People with Each Score

Your Score History

You have not taken this quiz